[Event "Melbourne op"]
[Site "Melbourne"]
[Date "2024.04.06"]
[Round "7"]
[White "Li, Jackie"]
[Black "Otsuka, Shou"]
[Result "0-1"]
[WhiteElo "2043"]
[BlackElo "2138"]
[PlyCount "180"]
[EventDate "2024.04.03"]
[EventType "swiss"]
[EventRounds "9"]
[EventCountry "AUS"]
[SourceTitle "CB18_2024"]
[SourceDate "2024.05.01"]
[SourceVersion "1"]
[SourceVersionDate "2024.05.01"]
[SourceQuality "2"]

1. d4 Nf6 2. c4 e6 3. g3 d5 4. Nf3 Bb4+ 5. Bd2 Be7 6. Bg2 0-0 7. 0-0 Nbd7 8. Qc2 Ne4 9. Nc3 Nxd2 10. Nxd2 c6 11. e4 dxe4 12. Ncxe4 f5 13. Nc3 e5 14. dxe5 Nxe5 15. Ne2 Qd3 16. Qxd3 Nxd3 17. b3 Bc5 18. Nc1 Ne5 19. Nf3 Nxf3+ 20. Bxf3 f4 21. g4 Bd4 22. Rb1 Be6 23. Ne2 Be5 24. Rbd1 Rad8 25. Rfe1 Bf7 26. Nc1 Bd4 27. Re7 b5 28. cxb5 cxb5 29. Nd3 Bg6 30. Kg2 Bf6 31. Rxa7 Rxd3 32. Rxd3 Bxd3 33. Bd5+ Kh8 34. a4 Rd8 35. Bf3 bxa4 36. bxa4 h6 37. a5 Bc3 38. h4 g6 39. Kg1 Rd6 40. Bb7 Rd8 41. Bf3 Kg8 42. Kg2 Kf8 43. h5 gxh5 44. gxh5 Re8 45. a6 Bf6 46. Bd5 Be7 47. f3 Bb5 48. Kh2 Rd8 49. Rxe7 Kxe7 50. a7 Kf6 51. a8Q Rxa8 52. Bxa8 Kg5 53. Be4 Kxh5 54. Kg2 Kg5 55. Kf2 h5 56. Kg2 Bd7 57. Kf2 Kf6 58. Kg2 Be6 59. Bc6 Ke5 60. Kf2 Kd4 61. Be4 Bd5 62. Bg6 h4 63. Bf5 Ke5 64. Bc8 Be6 65. Bb7 Kd4 66. Be4 Kc3 67. Bc6 Kd2 68. Be4 Bc4 69. Bf5 Bb3 70. Bd7 Kd3 71. Bf5+ Kc3 72. Bd7 Kd4 73. Bc8 Ke5 74. Bd7 Be6 75. Bc6 Kd4 76. Bb7 Kd3 77. Bc6 Kd2 78. Be4 h3 79. Bc6 Bc4 80. Bb7 Be2 81. Bc6 Bd1 82. Bd7 h2 83. Kg2 Bxf3+ 84. Kxh2 Ke3 85. Kg1 Be4 86. Bb5 f3 87. Kf1 f2 88. Ba6 Bf3 89. Bb5 Bg4 90. Kg2 Be2 0-1

[Event "Melbourne op"]
[Site "Melbourne"]
[Date "2024.04.04"]
[Round "3"]
[White "Chen, Peng"]
[Black "Li, Jackie"]
[Result "1-0"]
[WhiteElo "2450"]
[BlackElo "2043"]
[PlyCount "111"]
[EventDate "2024.04.03"]
[EventType "swiss"]
[EventRounds "9"]
[EventCountry "AUS"]
[SourceTitle "CB18_2024"]
[SourceDate "2024.05.01"]
[SourceVersion "1"]
[SourceVersionDate "2024.05.01"]
[SourceQuality "2"]

1. e4 c5 2. Nc3 d6 3. d4 cxd4 4. Qxd4 Nc6 5. Qd2 Nf6 6. b3 e5 7. Bb2 Be7 8. 0-0-0 a6 9. Kb1 0-0 10. g3 b5 11. Bg2 Nd4 12. f4 b4 13. Na4 Nc6 14. Nf3 Qc7 15. Nh4 Bg4 16. Rde1 Ne8 17. Nf5 Bxf5 18. exf5 Bf6 19. fxe5 Bxe5 20. Qd5 Rc8 21. Qxc6 Qxc6 22. Bxc6 Rxc6 23. Bxe5 dxe5 24. Rxe5 Nd6 25. Rd1 Nb5 26. Kb2 Rfc8 27. Rc5 h5 28. Rxc6 Rxc6 29. Rd3 Kf8 30. c3 bxc3+ 31. Nxc3 Nxc3 32. Rxc3 Rd6 33. b4 Ke7 34. Kb3 Kf6 35. Rf3 Ke5 36. Rf2 Rd4 37. a4 h4 38. gxh4 Rxh4 39. a5 Rd4 40. b5 Rd3+ 41. Kc4 Rd4+ 42. Kc3 axb5 43. Ra2 Rd8 44. a6 Kxf5 45. Kb4 g5 46. Kxb5 Kg4 47. a7 Ra8 48. Kb6 f5 49. Kb7 Rf8 50. a8Q Rxa8 51. Rxa8 f4 52. Kc6 f3 53. Kd5 Kh3 54. Ra2 g4 55. Ke4 g3 56. hxg3 1-0

[Event "Oceania zt 3.6"]
[Site "Melbourne"]
[Date "2023.01.28"]
[Round "9"]
[White "Li, Jackie"]
[Black "Kethro, Michael"]
[Result "1/2-1/2"]
[WhiteElo "2035"]
[BlackElo "2149"]
[PlyCount "53"]
[EventDate "2023.01.23"]
[EventType "swiss"]
[EventRounds "9"]
[EventCountry "AUS"]
[SourceTitle "CBM 212 Extra"]
[Source "ChessBase"]
[SourceDate "2023.03.31"]
[SourceVersion "1"]
[SourceVersionDate "2023.03.31"]
[SourceQuality "1"]

1. d4 d5 2. c4 e6 3. Nf3 Nf6 4. g3 Bb4+ 5. Bd2 Be7 6. Bg2 0-0 7. 0-0 Nbd7 8. Qc2 Ne4 9. Nc3 Nxd2 10. Nxd2 c6 11. e4 dxe4 12. Ndxe4 f5 13. Nd2 e5 14. dxe5 Nxe5 15. Rad1 Qc7 16. Ne2 Bf6 17. Nf3 Nxf3+ 18. Bxf3 Bd7 19. b4 Rad8 20. Rfe1 Rfe8 21. Qb3 Be5 22. b5 Kh8 23. Bg2 Bf6 24. Nf4 Be5 25. Ne2 Bf6 26. Nf4 Be5 27. Ne2 1/2-1/2

[Event "Gold Coast op"]
[Site "Gold Coast"]
[Date "2022.06.26"]
[Round "7"]
[White "Li, Jackie"]
[Black "Lu, Lillian"]
[Result "0-1"]
[WhiteElo "2077"]
[BlackElo "1795"]
[PlyCount "60"]
[EventDate "2022.06.23"]
[EventType "swiss"]
[EventRounds "9"]
[EventCountry "AUS"]
[SourceTitle "CBM 209 Extra"]
[Source "ChessBase"]
[SourceDate "2022.09.30"]
[SourceVersion "1"]
[SourceVersionDate "2022.09.30"]
[SourceQuality "1"]

1. d4 d5 2. c4 c6 3. Nf3 Nf6 4. e3 a6 5. Nbd2 b5 6. cxd5 cxd5 7. Bd3 Bb7 8. Nb3 Nbd7 9. Bd2 Ne4 10. Na5 Qb6 11. 0-0 e6 12. a3 Nxd2 13. Qxd2 Bd6 14. Rfe1 f5 15. Ng5 Ke7 16. f4 Nf6 17. b4 Ne4 18. Nxe4 dxe4 19. Bc2 Bd5 20. Bb3 g5 21. g3 gxf4 22. gxf4 Rhg8+ 23. Kf2 Bxf4 24. Bxd5 exd5 25. exf4 Qh6 26. Rh1 Qh4+ 27. Kf1 Qh3+ 28. Ke1 Rg2 29. Qc1 Qh4+ 30. Kf1 Qf2# 0-1

[Event "Doeberl Cup 59th"]
[Site "Canberra"]
[Date "2022.04.14"]
[Round "1"]
[White "Li, Jackie"]
[Black "Sardana, Rishi"]
[Result "0-1"]
[WhiteElo "1990"]
[BlackElo "2461"]
[PlyCount "80"]
[EventDate "2022.04.14"]
[EventType "swiss"]
[EventRounds "9"]
[EventCountry "AUS"]
[SourceTitle "CBM 207 Extra"]
[Source "ChessBase"]
[SourceDate "2022.05.31"]
[SourceVersion "1"]
[SourceVersionDate "2022.05.31"]
[SourceQuality "1"]

1. d4 d5 2. c4 e6 3. Nf3 Nf6 4. g3 Bb4+ 5. Bd2 Bd6 6. Bg2 0-0 7. 0-0 Nbd7 8. Qc2 c6 9. Bg5 h6 10. Bxf6 Nxf6 11. Nbd2 b6 12. e4 Be7 13. e5 Nd7 14. cxd5 cxd5 15. Rfe1 Ba6 16. Bf1 Bxf1 17. Nxf1 Rc8 18. Qa4 Qc7 19. Rac1 Qb7 20. Ne3 Nb8 21. a3 Nc6 22. Qd1 Na5 23. Qd3 Nc4 24. Rc2 Rc6 25. Rec1 Nxb2 26. Qb3 Nc4 27. Nxc4 dxc4 28. Rxc4 Rfc8 29. Rxc6 Rxc6 30. Rd1 Qc8 31. Rd3 Rc1+ 32. Kg2 Qc2 33. Qb5 Qe2 34. Nd2 Bg5 35. d5 Kh7 36. dxe6 fxe6 37. Qd7 Rd1 38. Rd6 Rxd2 39. Rxd2 Bxd2 40. Qxe6 Qe4+ 0-1

[Event "Begonia op 55th"]
[Site "Ballarat"]
[Date "2021.03.06"]
[Round "1"]
[White "Johansen, Darryl Keith"]
[Black "Li, Jackie"]
[Result "1-0"]
[WhiteElo "2387"]
[BlackElo "1775"]
[PlyCount "61"]
[EventDate "2021.03.06"]
[EventType "swiss"]
[EventRounds "7"]
[EventCountry "AUS"]
[SourceTitle "CBM 201 Extra"]
[Source "ChessBase"]
[SourceDate "2021.05.31"]
[SourceVersion "1"]
[SourceVersionDate "2021.05.31"]
[SourceQuality "1"]

1. Nf3 d5 2. c4 e6 3. g3 dxc4 4. Qa4+ Nd7 5. Bg2 a6 6. Qxc4 b5 7. Qc2 Bb7 8. 0-0 Ngf6 9. b3 Be7 10. Bb2 0-0 11. d3 c5 12. Nbd2 Rc8 13. Rac1 Nd5 14. a3 Bf6 15. Ne4 Bxb2 16. Qxb2 Qe7 17. Rc2 N5f6 18. Nxf6+ Nxf6 19. Rfc1 h6 20. b4 cxb4 21. axb4 Rxc2 22. Rxc2 Rc8 23. Rxc8+ Bxc8 24. Ne5 Bb7 25. Bxb7 Qxb7 26. Qd4 Qd5 27. Qc3 Qb7 28. Qc5 Nd5 29. e4 Ne7 30. Qd6 g6 31. Nd7 1-0

[Event "Box Hill op"]
[Site "Box Hill"]
[Date "2019.11.08"]
[Round "3"]
[White "Ng, Reiner"]
[Black "Li, Jackie"]
[Result "1/2-1/2"]
[WhiteElo "1659"]
[BlackElo "1636"]
[PlyCount "21"]
[EventDate "2019.10.18"]
[EventType "swiss"]
[EventRounds "9"]
[EventCountry "AUS"]
[SourceTitle "EXT 2021"]
[Source "ChessBase"]
[SourceDate "2020.10.23"]
[SourceVersion "1"]
[SourceVersionDate "2020.10.23"]
[SourceQuality "1"]

1. d4 d5 2. c4 e6 3. Nc3 c6 4. e3 Nf6 5. Nf3 Nbd7 6. Be2 dxc4 7. a4 Bb4 8. Bxc4 0-0 9. 0-0 c5 10. Qc2 Qe7 11. Bd2 1/2-1/2